| 000 | 01172cam a22003377a 4500 | ||
|---|---|---|---|
| 999 |
_c532636 _d532636 |
||
| 001 | 11763066 | ||
| 003 | NUST | ||
| 005 | 20191127100634.0 | ||
| 008 | 990719s1995 vtua tb 000 0 eng d | ||
| 010 | _a 99227609 | ||
| 020 | _a9054102799 | ||
| 035 | _a(DLC) 99227609 | ||
| 038 | _aMSOHAIL | ||
| 040 |
_aAFM _cAFM _dDLC |
||
| 042 | _alccopycat | ||
| 050 | 0 | 0 |
_aTC543 _b.E53 1995 |
| 082 | 0 | 0 |
_a627.83 _221 |
| 100 |
_aBharat Singh _926264 |
||
| 245 | 0 | 0 |
_aEngineering for embankment dams / _c[edited by] Bharat Singh, R.S. Varshney, with contributions by B.G. Verghese, M.C. Goel and Ram Pal Singh. |
| 260 |
_aBrookfield, VT : _bA.A. Balkema Publishers, _c1995. |
||
| 300 |
_axiii, 732 p. : _bill. ; _c24 cm. |
||
| 504 | _aIncludes references. | ||
| 650 | 0 |
_aEarth dams _xDesign and construction. _926265 |
|
| 650 | 0 |
_aEmbankments _xDesign and construction. _926266 |
|
| 700 | 1 |
_aSingh, Bharat. _926267 |
|
| 700 | 1 |
_aVarshney, R. S. _926268 |
|
| 906 |
_a7 _bcbc _ccopycat _d3 _encip _f19 _gy-gencatlg |
||
| 942 |
_2ddc _cBK |
||